| 000 | nam a22 a 4500 | ||
|---|---|---|---|
| 999 |
_c995 _d995 |
||
| 003 | AKMAL | ||
| 005 | 20170508103028.0 | ||
| 008 | 170508s2000 my 00 may d | ||
| 020 |
_a983214907X (kkt.): _cRM5.00 |
||
| 040 | _aAKMAL | ||
| 082 | 0 | 4 |
_a297.22 ZUL _221 |
| 090 | 0 | 0 |
_a297.22 _bZUL |
| 100 | 0 |
_aZulkifilee Yazid _91118 |
|
| 245 | 1 | 0 |
_aDosa dan pahala manusia / _cZulkifilee Yazid |
| 260 |
_aBatu Caves : _bPenerbitan Darul Iman, _c2000 |
||
| 300 | 0 | 0 |
_avii, 66ms. ; _c23cm |
| 650 | 0 |
_aSin _xIslam _91591 |
|
| 650 | 0 |
_aKufr (Islam) _91590 |
|
| 650 | 0 |
_aReward (Islam) _92094 |
|
| 942 |
_2ddc _cBOOK |
||